| 000 | 00781nam a2200193 a 4500 | ||
|---|---|---|---|
| 001 | 000016983 | ||
| 005 | 20240307073941.0 | ||
| 008 | 100312s1977 dr ab 000 0 spa d | ||
| 040 |
_aDO-SdBNP _bspa _cBNPHU |
||
| 082 |
_axxx _bO77e |
||
| 100 | 1 |
_aOrtega, Manuel M. _937525 |
|
| 245 | 1 | 0 |
_aEncuesta de información de base para la evaluación del programa de comunicación de masas de la oficina de coordinación nutricional en la region sanitaria IV / _cManuel M. Ortega, Vivian M. Mota; colaboración de Radhames Piña. |
| 260 |
_aSanto Domingo : _bINTEC, _c1977. |
||
| 300 |
_a272 p. : _bil.; map. ; _c25 cm. |
||
| 500 | _aIncluye notas al pie de páginas | ||
| 700 | 1 |
_aPiña, Radhames _ecol. _937526 |
|
| 049 | _aBNPD | ||
| 710 | 2 |
_aInstituto Tecnológico de Santo Domingo _978911 |
|
| 999 |
_c16512 _d16512 |
||